Movies Quiz

Random Movies or Famous Quiz

Harry Potter Famous Quotes II Quiz Stats

 Plays Quiz not verified by Sporcle

Challenge
Share
Tweet
Embed
Score 0/20 Timer 10:00
0 Plays Today
quote person % Correct
' Oh sure! Let's all throw books at her because she can't see it. 10 points if it goes threw her stomach. 50 points if it goes through her head.' Moaning Myrtle
97.5%
' There will be no wand waving or silly incantations in this class.' Severus Snape
97.5%
' Hogwarts is threatened. May the boundaries protect us. Do your duty to this school..........I've always wanted to use that spell.' Minerva Mcgonagall
96.2%
' One of my best friends is a muggle-born. She's the best in our class.' Harry Potter
94.9%
' You foul loathsome evil little cockroach!' Hermione Granger
92.4%
' Fred, I've been thinking exactly the same thing.' George Weasley
92.4%
' Mad and hairy? You wouldn't be talking about me, now would ya?' Rubeus Hagrid
92.4%
' Leave Hermione? Are you mad? We wound't last two days without her. Don't tell her i said that.' Ron Weasley
87.3%
' What creature sat in the corner the first time Harry Potter went into my office?' Remus Lupin
84.8%
' I know you probably get tired of hearing this, but you look so much like your father. Except for the eyes.' Sirius Black
83.5%
quote person % Correct
' Your probably wondering why i have summoned you here. The answer lies in this.' Albus Dumbledore
83.5%
' Welcome to your first flying lesson. Well, what are you waiting for. Stick your right hand over your broom and say up.' Madame Hooch
83.5%
' You went after her even though she wasn't yours to save. My little sister.' Fleur Delacour
82.3%
' The wand chooses the wizard Mr. Potter.' Mr. Ollivander
81%
' Mad-Eye's dead. Mundungus took one good look at Voldemort and took off.' Bill Weasley
75.9%
' Why is it always me?' Neville Longbottom
73.4%
' Until the end.' James Potter
70.9%
' We both believe you by the way. That He-Who-Must-Not-Be-Named is back.' Luna Lovegood
58.2%
' Ah came to see the show?' Draco Malfoy
55.7%
' Ah, young love. How.......disturbing.' Rita Skeeter
41.8%

You're not logged in!

Compare scores with friends on all Sporcle quizzes.
OR
Log In

You Might Also Like...

Show Comments

Extras

Top Quizzes Today


Score Distribution

Your Account Isn't Verified!

In order to create a playlist on Sporcle, you need to verify the email address you used during registration. Go to your Sporcle Settings to finish the process.

Report this User

Report this user for behavior that violates our Community Guidelines.

Details: